000 00285nam a22001337a 4500
008 180302b xxu||||| |||| 00| 0 eng d
020 _a0866837809
041 _aeng
080 _a316
100 _a50
101 _aSOC
245 _aCreationism Ontrial
_cGilkey, L
942 _2udc
_cBK
999 _c43961
_d43961